000 00351 a2200157 4500
001 151073
040 _cEscola São Tomás de Aquino
100 _aBANDEIRA, Pedro
240 1 0 _aGente de estimação
_lpor
245 1 0 _aGente de estimação
300 _a100
362 0 _a1996
440 1 _aÁtica
697 _a*LITERATURA JUVENIL
942 _cBK
999 _c151073
_d151073